| 000 | 00496nam a2200169Ia 4500 | ||
|---|---|---|---|
| 001 | 8697 | ||
| 003 | GE_BSU | ||
| 008 | 181216s||||||||xx |||||||||||||| ||und|| | ||
| 040 | _cGE_BSU | ||
| 245 | _aПрограммирование на С/С++ №11(120). Декабрь. 2013 | ||
| 245 | _bЖурнал для профессионалов.2013 | ||
| 260 | _aМосква | ||
| 260 | _c2013 | ||
| 300 | _a23стр.29см. | ||
| 653 | _aПрограммирование на С/С++ | ||
| 942 | _cCR | ||
| 999 |
_c42011 _d42011 |
||